Ci sono almeno 100... - Morte improvvisa - Statistics

Statistiche generali
  • Questo quiz è stato fatto 378 volte
  • Il punteggio medio è 3 su 21
Answers on the Grid
Answers color-coded by a green-red scale on the quiz's grid according to % correct below.
...elementi sulla tavola periodica
...ossa nel corpo umano
...numeri primi tra 1 e 1000
...paesi che riconoscono lo stato di Palestina
...edifici più alti della Grande Piramide di Giza
...paesi che hanno vinto almeno una medaglia d'oro ai Giochi Olimpici
...montagne sopra i 7000 metri di altitudine
...piloti che hanno vinto almeno un Gran Premio di Formula 1
...paesi al di sopra dell'equatore
...paesi che contengono la lettera A
...membri nel Senato degli Stati Uniti
...paesi più grandi dei Paesi Bassi
...dipartimenti in Francia
...repubbliche nel mondo
...papi nella storia della Chiesa
...paesi che confinano con almeno un altro paese
...abitanti per chilometro quadrato in Cina
...divisori del numero 1000000000
...città con almeno un milione di abitanti nel mondo
...Pokémon di prima generazione
...chiese a Roma
...paesi con almeno 10 milioni di abitanti
...pollici in 2 metri di lunghezza
...bandiere di paesi in cui è presente il colore verde
...mesi in 7 anni
...nazionali qualificate almeno una volta ai Mondiali di calcio
...isole con più abitanti di Malta
...capitali più a nord di Città del Messico
...diagonali in un dodecagono
...paesi in Africa
...calciatori che hanno segnato in una finale dei Mondiali
...episodi nella serie "Breaking Bad"
...moli d'acqua in un litro
...satelliti naturali attorno a Giove
...monarchie nel mondo
...lettere nell'alfabeto khmer
...paesi alleati nella Seconda guerra mondiale
...neutroni in un atomo di oro
...anni bisestili in 400 anni
...gradi celsius in 100 gradi fahrenheit
...segni zodiacali cinesi
...paesi che si affacciano sull'Oceano Pacifico
 
Statistiche sulle risposte
Risposta % Corretto
...ossa nel corpo umano
26%
...paesi che contengono la lettera A
23%
...chiese a Roma
21%
...elementi sulla tavola periodica
21%
...paesi che confinano con almeno un altro paese
21%
...papi nella storia della Chiesa
21%
...abitanti per chilometro quadrato in Cina
19%
...città con almeno un milione di abitanti nel mondo
18%
...divisori del numero 1000000000
14%
...paesi al di sopra dell'equatore
14%
...paesi più grandi dei Paesi Bassi
14%
...Pokémon di prima generazione
14%
...repubbliche nel mondo
13%
...membri nel Senato degli Stati Uniti
12%
...numeri primi tra 1 e 1000
11%
...paesi che riconoscono lo stato di Palestina
10%
...edifici più alti della Grande Piramide di Giza
9%
...paesi che hanno vinto almeno una medaglia d'oro ai Giochi Olimpici
8%
...piloti che hanno vinto almeno un Gran Premio di Formula 1
8%
...dipartimenti in Francia
7%
...montagne sopra i 7000 metri di altitudine
2%
Nessun quiz corrispondente trovato
Distribuzione punteggi
Percentuale di utenti per punteggio
Percentile per numero di risposta
I tuoi punteggi nel tempo
Non hai fatto questo quiz